Plot size and number of replicates for experiments with forage sorghum (Registro n. 299553)
[ somente texto ]
| 000 -LÍDER | |
|---|---|
| fixed length control field | 03732nab a2200325 i 4500 |
| 003 - CÓDIGO MARC DA AGÊNCIA CATALOGADORA | |
| Campo de controle | BR-BrBNA |
| 005 - DATA E HORA DA ÚLTIMA ATUALIZAÇÃO | |
| Campo de controle | 20240513100645.0 |
| 008 - CAMPO DE TAMANHO FIXO | |
| fixed length control field | 240513b2022 bl.ar|pooa||| 00| 0 eng | |
| 040 ## - FONTE DA CATALOGAÇÃO | |
| Agência catalogadora | BR-BrBNA |
| Idioma da catalogação | eng |
| 072 ## - CATEGORIA AGRIS | |
| Código AGRIS | F01 |
| Código do objeto | 1940 |
| 100 ## - ENTRADA PRINCIPAL - NOME PESSOAL | |
| Nome pessoal | Toebe, Marcos |
| 100 ## - ENTRADA PRINCIPAL - NOME PESSOAL | |
| Nome pessoal | Cargnelutti Filho, Alberto |
| 100 ## - ENTRADA PRINCIPAL - NOME PESSOAL | |
| Nome pessoal | Souza, Rafael Rodrigues de |
| 100 ## - ENTRADA PRINCIPAL - NOME PESSOAL | |
| Nome pessoal | Soares, Franciele dos Santos |
| 100 ## - ENTRADA PRINCIPAL - NOME PESSOAL | |
| Nome pessoal | Mello, Anderson Chuquel |
| 100 ## - ENTRADA PRINCIPAL - NOME PESSOAL | |
| Nome pessoal | Melo, Patrícia Jesus de |
| 100 ## - ENTRADA PRINCIPAL - NOME PESSOAL | |
| Nome pessoal | Silva, Lucas Santos da |
| 245 ## - TÍTULO PRINCIPAL | |
| Título principal | Plot size and number of replicates for experiments with forage sorghum |
| 500 ## - NOTA GERAL | |
| Nota geral | <br/>Publicação on-line; 22 ref.; Summaries (En, Pt) |
| 942 ## - ADDED ENTRY ELEMENTS (KOHA) | |
| Koha item type | |
| 520 ## - NOTA DE RESUMO | |
| Nota de conteúdo | <br/><br/>Abstract ‒ The objective of this work was to define the optimal plot size and number of replicates for the evaluation of the fresh weight of sorghum (Sorghum bicolor) hybrids. Thirty-two uniformity trials were carried out with two hybrids, in two sowing dates and four evaluation periods. Each trial was divided into 48 basic experimental units (BEUs) of 0.5 m2 , and fresh weight was determined for each BEU. The mean, variance, coefficient of variation , first-order spatial autocorrelation coefficient, optimal plot size, and coefficient of variation of the optimal plot size were calculated. The number of replicates was determined on the basis of the largest calculated plot size, through an iterative process, for the combinations of number of treatments and differences among means to be detected as significant by Tukey’s test, at 5% probability. The optimal plot size ranged from 1.79 to 2.58 m2 , and the number of replicates from 2.6 (~3) to 49.2 (~50). The optimal plot size is 2.58 m2, and five replicates are sufficient to identify as significant the differences between treatment means of 35%.<br/><br/><br/>Index terms: Sorghum bicolor, experiment planning, uniformity trials. |
| 520 ## - NOTA DE RESUMO | |
| Nota de conteúdo | <br/><br/>Resumo ‒ O objetivo deste trabalho foi definir o tamanho ótimo de parcela e o número de repetições para a avaliação da massa de matéria fresca de híbridos de sorgo (Sorghum bicolor). Trinta e dois ensaios de uniformidade foram realizados com dois híbridos, em duas datas de semeadura e quatro períodos de avaliação. Cada ensaio foi dividido em 48 unidades experimentais básicas (UEBs) de 0,5 m2, e a massa de matéria fresca foi determinada para cada UEB. Calcularam-se a média, a variância, o coeficiente de variação, o coeficiente de autocorrelação espacial de primeira ordem, o tamanho ótimo de parcela e o coeficiente de variação do tamanho ótimo de parcela. O número de repetições foi determinado com base no maior tamanho de parcela, por meio de um processo iterativo, para as combinações de número de tratamentos e de diferenças entre médias a serem detectadas como significativas pelo teste de Tukey, a 5% de probabilidade. O tamanho ótimo de parcela oscilou entre 1,79 e 2,58 m2, e o número de repetições entre 2,6 (~3) e 49,2 (~50). O tamanho ótimo de parcela é de 2,58 m2 , e cinco repetições são suficientes para identificar como significativas as diferenças entre médias de tratamentos de 35%.<br/><br/><br/>Termos para indexação: Sorghum bicolor, planejamento experimental, ensaios de uniformidade. |
| 650 ## - ASSUNTO - THESAGRO | |
| Cabeçalho tópico ou nome geográfico | SORGO FORRAGEIRO |
| 650 ## - ASSUNTO - THESAGRO | |
| Cabeçalho tópico ou nome geográfico | HÍBRIDO |
| 650 ## - ASSUNTO - THESAGRO | |
| Cabeçalho tópico ou nome geográfico | PARCELA EXPERIMENTAL |
| 650 ## - ASSUNTO - THESAGRO | |
| Cabeçalho tópico ou nome geográfico | PLANEJAMENTO |
| 773 0# - ENTRADA ANALÍTICA | |
| Host Biblionumber | 920 |
| Registro do item | 25802 |
| Imprenta | Brasília-DF Empresa Brasileira de Pesquisa Agropecuária - EMBRAPA 1966- |
| Outro identificador | 2023-436358 |
| Título | Pesquisa Agropecuária Brasileira (Brazil) |
| ISSN | 0100-204X |
| Colação | v. 57 p. 1-7; (2022) |
| Número de controle de registro | BR2024000659 |
| 856 ## - ACESSO E ENDEREÇO ELETRÔNICO | |
| Identificador uniforme de recurso - URI | https://www.scielo.br/j/pab/a/Pyk5y65Mkwr7cKrxJ84cfhJ/?format=pdf&lang=en |
Nenhum exemplar disponível.

BINAGRI